000 01022cam a2200289 a 4500
999 _c331144
_d331144
001 14361914
003 NUST
005 20170919155906.0
008 060503s2005 pk 000 0durdo
010 _a 2006334448
020 _a9693520785
025 _aP-U-2006334448; 17
040 _aDLC
_cDLC
_dDLC
042 _alcode
043 _aa-pk---
050 0 0 _aDS392.N65
_bB37 2005
082 _a815.49122
_bBAR
100 1 _aBarmānī, ʻAbbās,
_d1960-
_94653
245 1 0 _aTaalismaati wadian /
_cʻAbbās Barmānī.
260 _aLāhore :
_bSang-i Mīl Pablīkeshanz,
_c2008.
300 _a168 p. ;
_c21 cm.
520 _aTravelog of the Northern Areas of Pakistan.
546 _aIn Urdu.
600 1 0 _aBarmānī, ʻAbbās,
_d1960-
_xTravel
_zPakistan
_zNorthern Areas.
_94654
651 0 _xUrdu Literature-Travelogue
_94655
880 _6100-01\(3\r
_aعباس برمانی
880 _6245-02\(3\r
_aطلسماتی وادیاں:
_bکوہ سلیمان اور بلوچستان کی حیرت انگیز وادیوں میں
_cعباس برمانی
880 _6260-03\(3\r
_aلاہور:
_bسنگ میل پبلی کیشنز،
_c2008
906 _a7
_bcbc
_corigode
_d3
_encip
_f20
_gy-gencatlg
942 _2ddc
_cBK